| 000 | 00625nam a2200253Ia 4500 | ||
|---|---|---|---|
| 008 | 171025s9999 xx 000 0 und d | ||
| 020 | _a977158225 | ||
| 050 | _a306.76 | ||
| 050 | _bL477 2006 | ||
| 100 | _aLee, Mathy | ||
| 245 | _a35 cents / | ||
| 245 | _cby Mathy Lee. | ||
| 250 | _aFirst edition | ||
| 260 | _aSan Francisco, CA : | ||
| 260 | _bSuspect thoughts Press, | ||
| 260 | _c2006 | ||
| 300 | _a205 pages : | ||
| 300 | _billustrations ; | ||
| 300 | _c21cm. | ||
| 650 | _aMale prostitutes -- | ||
| 650 | _xUnited States -- Biography. | ||
| 700 | _aTitle : Thirthy-five cents. | ||
| 700 | _aTitle. | ||
| 999 |
_c344659 _d344659 |
||